Can the poor influence policy? participatory poverty assessments in the developing world

Enregistré dans:
Détails bibliographiques
Auteur principal: Robb, Caroline M.
Format: Livre
Langue:anglais
Publié: Washington IMF 2002
Édition:2. ed
Sujets:
Tags: Ajouter un tag
Pas de tags, Soyez le premier à ajouter un tag!

MARC

LEADER 00000nam$a2200000$$$4500
001 0006613
005 20221129100813.5
020 |a 0-8213-5000-5 
041 0 |a eng 
044 |a US 
245 1 0 |a Can the poor influence policy?  |b participatory poverty assessments in the developing world  |c Caroline M. Robb 
250 |a 2. ed 
264 1 |a Washington  |b IMF  |c 2002 
300 |a 195 s. 
610 2 0 |a chudoba 
610 2 0 |a krajiny rozvojové 
610 2 0 |a politika 
610 2 0 |a Svetová banka 
610 2 0 |a Medzinárodný menový fond 
610 2 0 |a kríza hospodárska 
100 1 |a Robb, Caroline M.